000 00422cam a22001337a 4500
008 180718b1963 xxu||||| |||| 00| 0 eng d
082 _aA99 L763s/2
245 _aLivingstone's African journal 1853- 1856
_cedited by I. Schapera
260 _aLondon
_bChatto & Windus
_c1963
300 _av2. vii, 237-495p
650 _aAfrica - Description and Travel
650 _aLivinstone, David, 1813 - 72
700 _aSchapera, I. ed
999 _c415298
_d415298